000 00828nam a2200229Ia 4500
008 130821s2006 sp gr spa
020 _a8474268397
040 _aCo-BoUCM
_bspa
041 0 0 _aspa
245 1 0 _aVenezuela a contracorriente los orígenes y las claves de la revolución Bolivariana
_ccoordinador, Juan Torres López
260 _aBarcelona (España)
_bIcaria
_c2006
300 _a149 páginas
490 _aMás Madera
_v59
504 _aIncluye índice.
650 0 4 _aCiencia política
_9340
650 0 4 _aPresidentes
_xHistoria
_zVenezuela
_922229
651 _aVenezuela
_xCondiciones socioeconómicas
_926721
651 _aVenezuela
_xPolítica y gobierno
_952567
700 1 _aTorres Lopez, Juan
_ecoord.
_9154749
942 _cLIBRO
_a6
_e1
_mV458v
_2DEWEY
_h320.987
999 _c59760
_d59760